|
|
|
|
| LEADER |
00000nam0a2200000 4500 |
| 001 |
68761 |
| 005 |
20231031075118.0 |
| 035 |
|
|
|a (RuTPU)RU\TPU\book\73224
|
| 090 |
|
|
|a 68761
|
| 100 |
|
|
|a 20041009d1952 m y0rusy50 ca
|
| 101 |
0 |
|
|a rus
|
| 102 |
|
|
|a RU
|
| 105 |
|
|
|a a j 001zy
|
| 200 |
1 |
|
|a Опытное изучение процессов теплопередачи
|e учебное пособие для теплоэнергетических специальностей втузов
|f Б. С. Петухов
|g Под ред. М. А. Михеева
|
| 210 |
|
|
|a Москва
|c Госэнергоиздат
|d 1952
|a Ленинград
|
| 215 |
|
|
|a 344 с.
|c ил.
|
| 320 |
|
|
|a Алфавитный указатель: с. 344.
|
| 610 |
1 |
|
|a теплопередача
|
| 610 |
1 |
|
|a теплопроводность
|
| 610 |
1 |
|
|a конвективный теплообмен
|
| 610 |
1 |
|
|a теплообмен излучением
|
| 610 |
1 |
|
|a теплообменники
|
| 610 |
1 |
|
|a учебные пособия
|
| 675 |
|
|
|a 621.1.016.4(075.8)
|v 3
|
| 700 |
|
1 |
|a Петухов
|b Б. С.
|
| 702 |
|
1 |
|a Михеев
|b М. А.
|4 340
|
| 801 |
|
1 |
|a RU
|b 63413507
|c 20041009
|g PSBO
|
| 801 |
|
2 |
|a RU
|b 63413507
|c 20160128
|g PSBO
|
| 942 |
|
|
|c BK
|